000 00464nam a2200169 a 4500
003 ViArRB
005 20231106112830.0
008 960221s1955 dcuabcdjdbkoqu001 0deng d
080 _a(079.1):624
_bGAT
245 _aGATE papers solved and unsolved in civil engineering
250 _a4th ed
260 _aNew Delhi
_bG.K. Publishers Pvt Ltd.
_c2001
300 _aVarious pagination
500 _a
653 _aGATE - Civil Engineering 1990 - 2000
942 _cBK
999 _c44254
_d44253